000 01043nam a22002297a 4500
999 _c1930
_d1930
003 AR-CdUCM
008 190228b ||||| |||| 00| 0 spa d
040 _aMUNICIPALIDAD PROVINCIAL DEL CUSCO
_cBIBLIOTECA MUNICIPAL DEL CUSCO
082 _a335.385 /
_bM39
100 _aMejía, Jose Manuel
_97055
245 _aSindicalismo y reforma agraria en el valle de Chancay /
_cJose Manuel Mejía
260 _aLima :
_bInstituto de estudios peruanos,
_c1975.
300 _a151 paginas ;
_c21 cm.
505 _aOrígenes y desarrollo del movimiento sindical en el valle -- Los movimientos iniciales -- El sindicalismo reivindicativo: apristas y comunistas -- El sindicato en el sistema de hacienda -- La neutralización de los sindicatos -- Los nuevos sindicatos campesinos y la reforma agraria ...
650 _aMovimientos sindicales
_97056
650 _aHacienda y sindicalismo
_97057
650 _aReforma agraria
_91861
650 _aCampesinos
_94401
700 _aDiaz Suarez, Rosa
_97058
942 _2ddc
_cLIBROS
945 _aacv
_d2019-02-28